Green eye

Bibliographic Details
Main Author: Cork, Vena
Format: Book
Published: London : Headline , 2007
Subjects:

MARC

LEADER 00000cam a2200000 7i4500
001 0000029419
005 20110510.0
020 |a 0755323998 
090 0 0 |a COR   |b ENG 
100 0 |a Cork, Vena 
245 1 0 |a Green eye   |c Vena Cork 
260 |a London :   |b Headline ,   |c 2007 
300 |a 500 p. ;   |c 18 cm. 
650 0 |a College students   |x Crimes against   |v Fiction 
650 0 |a Jealousy   |v Fiction 
999 |a 0001061381   |b Book   |c Adult Collection   |e Perbadanan Perpustakaan Awam Johor